[Event "Harrogate 4NCL op-B 31st"]
[Site "Harrogate"]
[Date "2024.01.20"]
[Round "3"]
[White "McKerracher, Douglas"]
[Black "Corcoran, Gary"]
[Result "1-0"]
[WhiteElo "1798"]
[BlackElo "1796"]
[PlyCount "85"]
[EventDate "2024.01.19"]
[EventType "swiss"]
[EventRounds "5"]
[EventCountry "ENG"]
[SourceTitle "CBM 218 Extra"]
[Source "ChessBase"]
[SourceDate "2024.03.31"]
[SourceVersion "1"]
[SourceVersionDate "2024.03.31"]
[SourceQuality "1"]

1. e4 c5 2. Nc3 Nc6 3. g3 g6 4. Bg2 Bg7 5. d3 e6 6. f4 Nge7 7. Nf3 d6 8. 0-0 0-0 9. Be3 a6 10. Rb1 f5 11. e5 dxe5 12. fxe5 Nxe5 13. Nxe5 Bxe5 14. Bxc5 Bd4+ 15. Bxd4 Qxd4+ 16. Kh1 e5 17. Qe2 Nc6 18. Rbe1 Be6 19. Bxc6 bxc6 20. Qxe5 Bd5+ 21. Nxd5 Qxd5+ 22. Qxd5+ cxd5 23. Re5 Rab8 24. b3 Rbc8 25. Rf2 Rc3 26. Kg2 Rfc8 27. Ree2 Kf7 28. Kf1 Kf6 29. Ke1 R3c6 30. Kd1 Re6 31. c4 dxc4 32. dxc4 Rd8+ 33. Kc2 Rxe2+ 34. Rxe2 g5 35. b4 Rd4 36. Kc3 Rd1 37. c5 h5 38. Rd2 Rf1 39. a4 f4 40. gxf4 gxf4 41. b5 f3 42. b6 f2 43. Kd3 1-0

[Event "Harrogate 4NCL op-B 31st"]
[Site "Harrogate"]
[Date "2024.01.19"]
[Round "1"]
[White "Middleton, Tom"]
[Black "Corcoran, Gary"]
[Result "1-0"]
[WhiteElo "1974"]
[BlackElo "1796"]
[PlyCount "93"]
[EventDate "2024.01.19"]
[EventType "swiss"]
[EventRounds "5"]
[EventCountry "ENG"]
[SourceTitle "CBM 218 Extra"]
[Source "ChessBase"]
[SourceDate "2024.03.31"]
[SourceVersion "1"]
[SourceVersionDate "2024.03.31"]
[SourceQuality "1"]

1. e4 c5 2. Nf3 d6 3. c3 Nf6 4. Bd3 Nc6 5. Bc2 g6 6. 0-0 Bg7 7. Re1 Bg4 8. h3 Bxf3 9. Qxf3 0-0 10. Qe2 Rc8 11. d3 b5 12. Nd2 b4 13. c4 Nd4 14. Qd1 Ne8 15. Nf3 Nc7 16. Rb1 Nce6 17. Be3 Nxf3+ 18. Qxf3 Nd4 19. Qd1 f5 20. exf5 Rxf5 21. Qd2 Qf8 22. Bd1 h5 23. Rf1 Qf6 24. f4 Rf8 25. Bg4 hxg4 26. hxg4 Qh4 27. gxf5 Rxf5 28. Qf2 Qg4 29. Rbe1 Rh5 30. g3 Nf5 31. Qf3 Qh3 32. Qg2 Nxe3 33. Rxe3 Bd4 34. Qxh3 Rxh3 35. Kg2 Bxe3 36. Kxh3 Bd4 37. b3 Bf6 38. Kg4 Kg7 39. Kf3 Bd4 40. Ke4 Bf6 41. Kd5 g5 42. Ke6 Kg6 43. fxg5 Kxg5 44. Rf5+ Kg6 45. g4 Bh4 46. Rf7 Bf6 47. Rxe7 1-0

[Event "Harrogate 4NCL op-B 12th"]
[Site "Harrogate"]
[Date "2017.01.08"]
[Round "4"]
[White "Salisbury, Paul"]
[Black "Corcoran, Gary"]
[Result "0-1"]
[WhiteElo "1708"]
[BlackElo "1836"]
[PlyCount "78"]
[EventDate "2017.01.06"]
[EventType "swiss"]
[EventRounds "5"]
[EventCountry "ENG"]
[SourceTitle "CBM 176 Extra"]
[Source "ChessBase"]
[SourceDate "2017.03.02"]
[SourceVersion "1"]
[SourceVersionDate "2017.03.02"]
[SourceQuality "1"]

1. e4 c5 2. Nf3 d6 3. Be2 Nf6 4. c3 Nc6 5. d4 cxd4 6. cxd4 Nxe4 7. d5 Qa5+ 8. Nc3 Nxc3 9. bxc3 Ne5 10. Nxe5 dxe5 11. 0-0 Qxc3 12. Bb5+ Bd7 13. Bxd7+ Kxd7 14. Rb1 Qc7 15. Qa4+ Kd8 16. Bd2 b6 17. Rfc1 Qd7 18. Qe4 f6 19. d6 Rc8 20. Rxc8+ Qxc8 21. Rc1 Qb8 22. dxe7+ Bxe7 23. Qc6 Bc5 24. Rd1 Ke7 25. Be3 Rd8 26. Bxc5+ bxc5 27. Qxc5+ Kf7 28. Rc1 Rd7 29. h3 Qd6 30. Qxd6 Rxd6 31. Rc7+ Ke6 32. Rxa7 Rd7 33. Rxd7 Kxd7 34. Kf1 f5 35. Ke2 g5 36. Ke3 h5 37. g3 Kc6 38. f4 gxf4+ 39. gxf4 e4 0-1

[Event "Harrogate 4NCL op-B 12th"]
[Site "Harrogate"]
[Date "2017.01.07"]
[Round "2"]
[White "Altham, John T"]
[Black "Corcoran, Gary"]
[Result "1-0"]
[WhiteElo "1688"]
[BlackElo "1836"]
[PlyCount "68"]
[EventDate "2017.01.06"]
[EventType "swiss"]
[EventRounds "5"]
[EventCountry "ENG"]
[SourceTitle "CBM 176 Extra"]
[Source "ChessBase"]
[SourceDate "2017.03.02"]
[SourceVersion "1"]
[SourceVersionDate "2017.03.02"]
[SourceQuality "1"]

1. e4 c5 2. Nf3 d6 3. Bb5+ Bd7 4. a4 Nc6 5. 0-0 Nf6 6. Re1 Qc7 7. c3 a6 8. Bf1 g6 9. d4 Bg7 10. d5 Nb8 11. c4 0-0 12. Nc3 Bg4 13. Bf4 Nbd7 14. h3 Bxf3 15. Qxf3 Nh5 16. Bh2 Ne5 17. Qe3 Qb6 18. Be2 Qxb2 19. Rac1 Qb4 20. g4 Nxc4 21. Bxc4 Qxc4 22. gxh5 Bd4 23. Qf3 f5 24. Ne2 fxe4 25. Rxc4 Rxf3 26. Nxd4 cxd4 27. Rxd4 Rxh3 28. hxg6 hxg6 29. Rdxe4 Rd3 30. Rxe7 Rxd5 31. Rxb7 Rf8 32. Rd7 Rg5+ 33. Bg3 d5 34. Rb1 Rf4 1-0

[Event "BCF-chT3 1415 (4NCL)"]
[Site "England"]
[Date "2015.03.21"]
[Round "7.49"]
[White "Corcoran, Gary"]
[Black "Fowler, David W"]
[Result "0-1"]
[WhiteElo "1864"]
[BlackElo "1863"]
[PlyCount "60"]
[EventDate "2015.03.21"]
[EventType "team-swiss"]
[EventRounds "11"]
[EventCountry "ENG"]
[SourceTitle "EXT 2016"]
[Source "ChessBase"]
[SourceDate "2015.10.08"]
[SourceVersion "1"]
[SourceVersionDate "2015.10.08"]
[SourceQuality "1"]
[WhiteTeam "Bradford DCA Knights III"]
[BlackTeam "BCM Hippos III"]
[WhiteTeamCountry "ENG"]
[BlackTeamCountry "ENG"]

1. e4 c6 2. d4 d5 3. e5 Bf5 4. Ne2 e6 5. Ng3 Bg6 6. h4 h5 7. Bd3 Bxd3 8. cxd3 Qb6 9. Be3 c5 10. dxc5 Qxb2 11. Nd2 Qxe5 12. d4 Qc7 13. Nxh5 Nc6 14. Qg4 g6 15. Nf4 Nh6 16. Nxe6 Qd7 17. Bxh6 Rxh6 18. 0-0 fxe6 19. Rfe1 0-0-0 20. Nf3 e5 21. Qxd7+ Rxd7 22. dxe5 Bxc5 23. Rac1 b6 24. Red1 Kd8 25. e6 Rd6 26. Ng5 Rxh4 27. Nf7+ Ke7 28. Nxd6 Kxd6 29. Re1 Rf4 30. Re2 Nd4 0-1

[Event "BCF-chT3 1213 (4NCL)"]
[Site "England"]
[Date "2013.03.23"]
[Round "7.166"]
[White "Corcoran, Gary"]
[Black "Downham, Alan"]
[Result "0-1"]
[WhiteElo "1878"]
[BlackElo "2005"]
[PlyCount "76"]
[EventDate "2012.11.03"]
[EventType "team-swiss"]
[EventRounds "11"]
[EventCountry "ENG"]
[SourceTitle "EXT 2014"]
[Source "ChessBase"]
[SourceDate "2013.11.20"]
[SourceVersion "1"]
[SourceVersionDate "2013.11.20"]
[SourceQuality "1"]
[WhiteTeam "Bradford DCA Knights II"]
[BlackTeam "Iceni"]
[WhiteTeamCountry "ENG"]
[BlackTeamCountry "ENG"]

1. e4 d5 2. exd5 Qxd5 3. Nc3 Qa5 4. d4 c6 5. Bc4 Nf6 6. Bd2 Qb6 7. Nge2 Bf5 8. 0-0 e6 9. Re1 Bd6 10. h3 0-0 11. Bb3 Qc7 12. Bg5 Nbd7 13. Qd2 Rfe8 14. g4 Bg6 15. Nf4 e5 16. Nxg6 hxg6 17. Rad1 exd4 18. Qxd4 Be5 19. Qc4 Nb6 20. Qd3 Kf8 21. Qf3 a6 22. h4 c5 23. Bxf6 Bxf6 24. Nd5 Nxd5 25. Bxd5 Bxh4 26. Bxb7 Rxe1+ 27. Rxe1 Rb8 28. Bxa6 Qa5 29. Qe2 Qxa2 30. Qe3 Qxb2 31. Qxc5+ Kg8 32. Bd3 Qf6 33. Qa7 Qf4 34. Re4 Rb1+ 35. Kg2 Qc1 36. Kf3 Bg5 37. Re8+ Kh7 38. Ke4 Qe1+ 0-1

[Event "BCF-chT3N 1213 (4NCL)"]
[Site "England"]
[Date "2012.11.25"]
[Round "2.67"]
[White "Corcoran, Gary"]
[Black "Acey, Gerald"]
[Result "0-1"]
[WhiteElo "1878"]
[BlackElo "2106"]
[PlyCount "58"]
[EventDate "2012.11.24"]
[EventType "team-swiss"]
[EventRounds "6"]
[EventCountry "ENG"]
[SourceTitle "EXT 2014"]
[Source "ChessBase"]
[SourceDate "2013.11.20"]
[SourceVersion "1"]
[SourceVersionDate "2013.11.20"]
[SourceQuality "1"]
[WhiteTeam "Bradford DCA Knights II"]
[BlackTeam "Cheddleton II"]
[WhiteTeamCountry "ENG"]
[BlackTeamCountry "ENG"]

1. e4 e5 2. Nf3 Nc6 3. d4 exd4 4. Nxd4 Bc5 5. Nb3 Bb6 6. Bc4 Nf6 7. Nc3 d6 8. 0-0 Be6 9. Be2 0-0 10. Bg5 h6 11. Bh4 Ne5 12. Nd5 Bxd5 13. exd5 Ng6 14. Bg3 Ne4 15. c3 Qg5 16. Qd3 Rae8 17. Rfe1 Nf4 18. Qf3 Nxg3 19. hxg3 Nxe2+ 20. Rxe2 Rxe2 21. Qxe2 Qxd5 22. Rd1 Qe6 23. Qf3 Re8 24. Nd4 Qe4 25. Qh5 Re5 26. Qh3 Bxd4 27. Rxd4 Qe1+ 28. Kh2 Qxf2 29. Rf4 Qxb2 0-1

[Event "BCF-chT3N 1112 (4NCL)"]
[Site "England"]
[Date "2012.02.05"]
[Round "6"]
[White "Corcoran, Gary"]
[Black "Armstrong, William G"]
[Result "1/2-1/2"]
[WhiteElo "1887"]
[BlackElo "1915"]
[PlyCount "91"]
[EventDate "2011.11.12"]
[EventType "team-tourn"]
[EventRounds "6"]
[EventCountry "ENG"]
[SourceTitle "EXT 2013"]
[Source "ChessBase"]
[SourceDate "2012.11.22"]
[SourceVersion "1"]
[SourceVersionDate "2012.11.22"]
[SourceQuality "1"]
[WhiteTeam "Bradford DCA Knights"]
[BlackTeam "Cheddleton II"]
[WhiteTeamCountry "ENG"]
[BlackTeamCountry "ENG"]

1. e4 e5 2. Nf3 Nc6 3. Nc3 d6 4. d4 exd4 5. Nxd4 Nxd4 6. Qxd4 Nf6 7. Bc4 Be6 8. Bxe6 fxe6 9. e5 dxe5 10. Qxe5 Qd7 11. Bg5 Bd6 12. Qb5 c6 13. Qe2 0-0 14. 0-0 Rae8 15. Rad1 Qc7 16. g3 Be5 17. Rfe1 Bxc3 18. bxc3 Nd5 19. c4 Nc3 20. Qg4 Nxd1 21. Rxd1 Qf7 22. Be3 Qf5 23. Qd4 h5 24. Qd7 h4 25. gxh4 Qg4+ 26. Kf1 Qh3+ 27. Kg1 Qxh4 28. Rd4 Qe7 29. Rd6 Qxd7 30. Rxd7 Rf7 31. Rd6 e5 32. a3 a6 33. Kf1 Ree7 34. Rd8+ Kh7 35. Ke2 Rd7 36. Re8 Rfe7 37. Rf8 Kg6 38. Rh8 Kf6 39. h4 Ke6 40. Kf3 g6 41. Bg5 Rf7+ 42. Ke3 Rd4 43. Re8+ Kf5 44. f4 Re4+ 45. Kf3 Re1 46. Kf2 1/2-1/2

[Event "BCF-chT3 1011 (4NCL)"]
[Site "England"]
[Date "2011.04.30"]
[Round "9.46"]
[White "Elwin, Adrian G"]
[Black "Corcoran, Gary"]
[Result "1/2-1/2"]
[WhiteElo "1990"]
[BlackElo "1868"]
[PlyCount "107"]
[EventDate "2010.11.06"]
[EventType "team-swiss"]
[EventRounds "9"]
[EventCountry "ENG"]
[SourceTitle "EXT 2012"]
[Source "ChessBase"]
[SourceDate "2011.11.24"]
[SourceVersion "1"]
[SourceVersionDate "2011.11.24"]
[SourceQuality "1"]
[WhiteTeam "FCA Solutions II"]
[BlackTeam "Bradford DCA Knights II"]
[WhiteTeamCountry "ENG"]
[BlackTeamCountry "ENG"]

1. d4 d5 2. c4 e6 3. Nc3 Nf6 4. Bg5 Be7 5. e3 0-0 6. Bd3 c6 7. Nge2 Nbd7 8. Qc2 h6 9. Bxf6 Nxf6 10. h3 dxc4 11. Bxc4 Qa5 12. 0-0 e5 13. Rad1 exd4 14. Rxd4 Qg5 15. f4 Qa5 16. Ne4 Nxe4 17. Qxe4 Bc5 18. Qe5 Bb6 19. Qxa5 Bxa5 20. Re4 Rd8 21. Ng3 b5 22. Bb3 c5 23. Bd1 Be6 24. Re5 Bxa2 25. Rxc5 Bc4 26. Be2 Bb6 27. Re5 Rd2 28. Bxc4 bxc4 29. Rf2 Rad8 30. Nf1 Rxf2 31. Kxf2 Rc8 32. g4 f6 33. Rb5 Kf7 34. h4 c3 35. bxc3 Rxc3 36. g5 Rc5 37. Rb2 hxg5 38. hxg5 fxg5 39. fxg5 Rxg5 40. Ng3 Bxe3+ 41. Kf3 Bd4 42. Rb7+ Ke6 43. Kf4 Ra5 44. Ne2 Bf6 45. Rb4 Ra1 46. Kg4 a5 47. Rb5 a4 48. Ra5 a3 49. Nf4+ Kd6 50. Kf3 a2 51. Kg2 Bc3 52. Ra3 Kc5 53. Rxc3+ Kb4 54. Nd5+ 1/2-1/2

[Event "BCF-chT2 1011 (4NCL) North"]
[Site "England"]
[Date "2011.02.20"]
[Round "6"]
[White "Corcoran, Gary"]
[Black "Nezis, Anastasios"]
[Result "0-1"]
[WhiteElo "1868"]
[BlackElo "1914"]
[PlyCount "124"]
[EventDate "2010.11.06"]
[EventType "team-swiss"]
[EventRounds "9"]
[EventCountry "ENG"]
[SourceTitle "EXT 2012"]
[Source "ChessBase"]
[SourceDate "2011.11.24"]
[SourceVersion "1"]
[SourceVersionDate "2011.11.24"]
[SourceQuality "1"]

1. e4 c5 2. Nf3 d6 3. d4 cxd4 4. Nxd4 Nf6 5. Nc3 a6 6. Be2 e5 7. Nb3 Be6 8. Be3 Be7 9. 0-0 0-0 10. f4 exf4 11. Bxf4 Nbd7 12. Nd4 Rc8 13. Nxe6 fxe6 14. Be3 Ne5 15. Bd4 Qa5 16. Qe1 Nfd7 17. Nd5 Rxf1+ 18. Bxf1 Qxe1 19. Nxe7+ Kf7 20. Rxe1 Kxe7 21. c3 Rf8 22. Be2 Rf4 23. Bd1 Nd3 24. Re2 N3e5 25. g3 Rf7 26. Bc2 h6 27. Kg2 Nc6 28. Be3 Nde5 29. h3 b5 30. Rf2 b4 31. Rxf7+ Kxf7 32. cxb4 Nxb4 33. Bb1 Ned3 34. Bxd3 Nxd3 35. Bd4 e5 36. Bc3 Nc5 37. Kf3 Kf6 38. Ke3 Na4 39. Kd3 Nc5+ 40. Ke3 Na4 41. a3 g6 42. Kd3 Nxc3 43. Kxc3 d5 44. Kd3 Ke6 45. h4 h5 46. Ke3 a5 47. Kd3 a4 48. Ke3 Kd6 49. Kd3 Kc5 50. Ke3 Kc4 51. exd5 Kxd5 52. Kd3 e4+ 53. Ke3 Kc4 54. Kxe4 Kb3 55. g4 Kxb2 56. Kf4 Kxa3 57. gxh5 gxh5 58. Kg5 Kb4 59. Kxh5 a3 60. Kg6 a2 61. h5 a1Q 62. h6 Qh8 0-1